LEADER 00894nam1 2200325 450 001 990000727600203316 035 $a0072760 035 $aUSA010072760 035 $a(ALEPH)000072760USA01 035 $a0072760 100 $a20011109d1986----km-y0itay0103----ba 101 $aeng 102 $aIT 105 $a||||||||001yy 200 1 $aHistoryof rural civilization$eS. Mauro Cilento 210 $aAcciaroli$cCIRI, Cilento ricerche 215 $av 300 $aIn testa al front.: Cultural club " S. Mauro Cilento" 410 $12001 676 $a945.74 801 0$aIT$bsalbc$gISBD 912 $a990000727600203316 951 $aV G 763$bL.M.$cV G 959 $aBK 969 $aLOCALE 979 $aPATTY$b90$c20011109$lUSA01$h1543 979 $c20020403$lUSA01$h1721 979 $aPATRY$b90$c20040406$lUSA01$h1650 996 $aHistoryof rural civilization$9962329 997 $aUNISA LEADER 01207nam2 22003133i 450 001 UDA0087253 005 20251003044426.0 010 $a0632059214 100 $a20090409d2001 ||||0itac50 ba 101 | $aeng 102 $agb 181 1$6z01$ai $bxxxe 182 1$6z01$an 200 1 $aParticulate gravity currents$fedited by William McCaffrey, Ben Kneller and Jeff Peakall 210 $aOxford$cBlackwell Science$d2001 215 $aVII, 302 p.$cill.$d25 cm. 461 1$1001PUV0244236$12001 $aSpecial publication of the International Association of sedimentologists.- Vol.1(1974)-$v31 606 $aGeologia applicata$2FIR$3CFIC031476$9E 676 $a553$9GEOLOGIA ECONOMICA (GEOLOGIA APPLICATA)$v14 702 1$aMcCaffrey$b, William$3UDAV044596 702 1$aKneller$b, Ben$3UDAV044597 702 1$aPeakall$b, Jeff$3UDAV044598 801 3$aIT$bIT-000000$c20090409 850 $aIT-BN0095 912 $aUDA0087253 950 2$aBiblioteca Centralizzata di Ateneo$c1 v.$d 01SALA 553 PAR$e 0104 0000012785 VMA 1 v.$fA $h20090409$i20090409 977 $a 01 996 $aParticulate gravity currents$9837320 997 $aUNISANNIO